Detalles MARC
| 000 -LIDER |
| fixed length control field |
01662nam a22002897a 4500 |
| 001 - NÚMERO DE CONTROL |
| Identificador de número de control |
000371 |
| 003 - IDENTIFICACDOR DE NÚMERO DE CONTROL |
| control field |
DO-SdBNP |
| 005 - DATE AND TIME OF LATEST TRANSACTION |
| control field |
20240416114035.0 |
| 007 - CAMPOS FIJOS DE DESCRIPCIÓN FÍSICA |
| fixed length control field |
000371 |
| 008 - ELEMENTOS DE LONGITUD FIJA |
| fixed length control field |
160707b 2006 ms || 00| 0 spa d |
| 020 ## - ISBN |
| International Standard Book Number |
9707704624 |
| 040 ## - FUENTE DE CATALOGACIÓN |
| Agencia que crea de manera original el registro |
BPMSU |
| Idioma de catalogación |
spa |
| Agencia que realiza la transcripción |
BPMSU |
| 082 #4 - NÚMERO DE CLASIFICACIÓN DECIMAL DE DEWEY |
| Classification number |
Pe863.5 |
| Item number |
R666a, 2006 |
| Edition number |
22 |
| 092 ## - LOCALLY ASSIGNED DEWEY DECIMAL CALL NUMBER |
| Número de clasificación |
|
| Número de ítem (Cutter) |
|
| 100 1# - ASIENTO PRINCIPAL -- NOMBRE PERSONAL |
| Nombre personal |
Roncagliolo, Santiago, |
| Fechas asociadas con el nombre |
1975- |
| 9 (RLIN) |
18 |
| 245 10 - MENCIÓN DE TITULO |
| Título |
Abril rojo / |
| Mención de responsabilidad |
Santiago Roncagliolo. |
| 250 ## - MENCIÓN DE EDICION |
| Mención de edición |
|
| 260 ## - PUBLICACIÓN, DISTRIBUCIÓN, ETC. (PIE DE IMPRENTA) |
| Lugar de publicación, distribución, etc |
México : |
| Nombre del editor, distribuidor, etc. |
Ediciones Generales Santillana, |
| Fecha de publicación, distribución, etc |
2006 |
| 300 ## - DESCRIPCIÓN FÍSICA |
| Extensión |
328 p. ; |
| Dimensiones |
26 cm. |
| 500 ## - NOTA GENERAL |
| Nota general |
Incluye datos biográficos del autor en la solapa. |
| 520 ## - RESUMEN, ETC. |
| Nota de resumen, etc. |
Siempre quise escribir un thriller, es decir, un policial sangriento con asesinos en serie y crímenes monstruosos. Y encontré los elementos necesarios en la historia de mi país, Perú: una zona de guerra, una celebración de la muerte como la Semana Santa, una ciudad poblada de fantasmas. ¿Se puede pedir más? El investigador de los asesinatos es el fiscal distrital adjunto Félix Chacaltana Saldívar. A él le gusta que lo llamen así, con su título y todo. El fiscal Chacaltana nunca ha hecho nada malo, nunca ha hecho nada bueno, nunca ha hecho nada que no estuviese claramente estipulado en los reglamentos de su institución. Pero ahora va a conocer el horror. Y el horror no ha leído el Código Civil. Siempre quise escribir una novela sobre lo que ocurre cuando la muerte se convierte en la única forma de vida. Y aquí está. |
| 586 ## - AWARDS NOTE |
| Awards note |
"Premio Alfaguara de Novela 2006"--Cubierta |
| 650 #4 - ENCABEZAMIENTO DE MATERIA--TEMÁTICO |
| Término temático o nombre geográfico como elemento de entrada |
Novela peruana |
| 650 #4 - ENCABEZAMIENTO DE MATERIA--TEMÁTICO |
| Término temático o nombre geográfico como elemento de entrada |
Literatura peruana |
| 910 ## - VALIDACIÓN |
| Validación |
VMateo V. Control de calidad. BPMSU |
| 942 ## - ADDED ENTRY ELEMENTS (KOHA) |
| Source of classification or shelving scheme |
Dewey Decimal Classification |
| Koha item type |
Libros |